Os 12 meses em 18 segundos - Statistics

Estatísticas Gerais
  • Esse quiz foi jogado 90 vezes
  • A pontuação média é 8 de 12
Estatísticas das Respostas
# Mês % Correto
1 Janeiro
100%
8 Agosto
80%
2 Fevereiro
80%
3 Março
80%
7 Julho
80%
6 Junho
80%
5 Maio
80%
4 Abril
60%
9 Setembro
60%
10 Outubro
40%
12 Dezembro
20%
11 Novembro
20%
Nenhum quiz correspondente encontrado
Distribuição das Pontuações
Porcentagem de Pessoas com Cada Pontuação
Percentil de Números Respondidos
Sua Pontuação Histórica
Você não jogou esse quiz